Microeconomics / (Record no. 21310)

000 -LEADER
fixed length control field 02133cam a2200301 a 4500
001 - CONTROL NUMBER
control field 17110132
003 - CONTROL NUMBER IDENTIFIER
control field OSt
005 - DATE AND TIME OF LATEST TRANSACTION
control field 20170121111453.0
008 - FIXED-LENGTH DATA ELEMENTS--GENERAL INFORMATION
fixed length control field 120109s2013 maua b 001 0 eng
010 ## - LIBRARY OF CONGRESS CONTROL NUMBER
LC control number 2011053398
020 ## - INTERNATIONAL STANDARD BOOK NUMBER
International Standard Book Number 9780132911986
020 ## - INTERNATIONAL STANDARD BOOK NUMBER
International Standard Book Number 0132911981
040 ## - CATALOGING SOURCE
Original cataloging agency DLC
Transcribing agency DLC
Modifying agency DLC
042 ## - AUTHENTICATION CODE
Authentication code pcc
050 00 - LIBRARY OF CONGRESS CALL NUMBER
Classification number HB172 .H83 2013
082 00 - DEWEY DECIMAL CLASSIFICATION NUMBER
Classification number 338.5
Edition number 23
100 1# - MAIN ENTRY--PERSONAL NAME
Personal name Hubbard, R. Glenn.
Dates associated with a name 2013
245 10 - TITLE STATEMENT
Title Microeconomics /
Statement of responsibility, etc. R. Glenn Hubbard, Anthony Patrick O'Brien.
250 ## - EDITION STATEMENT
Edition statement 4th ed.
260 ## - PUBLICATION, DISTRIBUTION, ETC. (IMPRINT)
Place of publication, distribution, etc. Boston :
Name of publisher, distributor, etc. Pearson,
Date of publication, distribution, etc. 2013.
300 ## - PHYSICAL DESCRIPTION
Extent xlvi, 612 p. :
Other physical details ill. ;
Dimensions 28 cm.
490 0# - SERIES STATEMENT
Series statement The Pearson series in economics
500 ## - GENERAL NOTE
General note Includes bibliographical references and index.
505 0# - FORMATTED CONTENTS NOTE
Formatted contents note Economics : foundations and models -- Trade-offs, comparative advantage, and the market system -- Where prices come from : the interaction of demand and supply -- Economic efficiency, government price setting, and taxes -- Markets in action : policy and applications -- Externalities, environmental policy, and public goods -- Elasticity : the responsiveness of demand and supply -- The economics of health care -- Firms in the domestic and international economies -- Firms, the stock market, and corporate governance -- Comparative advantage and the gains from international trade -- Consumer choice and behavioral economics -- Technology, production, and costs -- Market structure and firm strategy -- Firms in perfectly competitive markets -- Monopolistic competition : the competitive model in a more realistic setting -- Oligopoly : firms in less competitive markets -- Monopoly and antitrust policy -- Pricing strategy -- Labor markets, public choice, and the distribution of income -- The markets for labor and other factors of production -- Public choice, taxes, and the distribution of income.
650 #0 - SUBJECT ADDED ENTRY--TOPICAL TERM
Topical term or geographic name as entry element Microeconomics.
700 1# - ADDED ENTRY--PERSONAL NAME
Personal name O'Brien, Anthony Patrick.
906 ## - LOCAL DATA ELEMENT F, LDF (RLIN)
a 7
b cbc
c orignew
d 1
e ecip
f 20
g y-gencatlg
942 ## - ADDED ENTRY ELEMENTS (KOHA)
Source of classification or shelving scheme
Koha item type Hard Covered Materials
Classification part HB172 .H83 2013
Call number prefix 30727
Holdings
Withdrawn status Lost status Source of classification or shelving scheme Damaged status Not for loan Home library Current library Shelving location Date acquired Source of acquisition Total Checkouts Full call number Barcode Date last seen Price effective from Koha item type
          MACHAKOS UNIVERSITY LIBRARY MACHAKOS UNIVERSITY LIBRARY Technical section 21/01/2017 Donation(BFA)   HB172 .H83 2013 30727 08/06/2018 21/01/2017 Hard Covered Materials
© Machakos University Library, Along The Highway, Machakos Wote Rd, Machakos, Kenya P.O. Box 136 - 90100 Machakos - Kenya

Tel: ( +254 ) 723 805829 OR Fax : 044-20353 OR Email: library@mksu.ac.ke